Electronic principles
Saved in:
| Main Author: | |
|---|---|
| Format: | Book |
| Language: | English |
| Published: |
McGraw-Hill Education
|
| Tags: |
Add Tag
No Tags, Be the first to tag this record!
|
MARC
| LEADER | 00000nam a22000007a 4500 | ||
|---|---|---|---|
| 008 | 201210b ||||| |||| 00| 0 eng d | ||
| 020 | |a ISBN: 978-0-07-337388-1 | ||
| 100 | |a MALVINO, Albert Paul | ||
| 245 | |a Electronic principles |c Albert Malvino, David J. Bates |g . xvii; 1100p., ill. | ||
| 250 | |b 8th ed | ||
| 260 | |b McGraw-Hill Education |d BOOK |h . New York |i 691528 – Tech, 691529 |l TK7816 .M11 |m Electronic. |m Bates, David J. | ||
| 942 | |a lcc |c BK |e Olagoke M A |f 10/12/2020 | ||
| 952 | |0 0 |1 0 |2 lcc |4 0 |7 0 |9 290 |a HOL |b HOL |c QZ |d 2020-12-10 |l 0 |r 2020-12-10 00:00:00 |w 2020-12-10 |y BK | ||
| 952 | |0 0 |1 0 |2 lcc |4 0 |6 TK7816 M11 |7 0 |9 1107 |a HOL |b TL |d 2020-12-22 |l 0 |o TK7816 .M11 |p 2020-230317 |r 2020-12-22 00:00:00 |w 2020-12-22 |y BK | ||
| 999 | |c 126 |d 126 | ||